000 01598cam a2200433 i 4500
999 _c6670
_d6670
001 17643441
003 OSt
005 20200224160110.0
008 130301s2012 enka b 001 0 eng d
010 _a 2012540535
015 _aGBB1D1879
_2bnb
016 7 _a015969818
_2Uk
020 _a9781444144178 (pbk.)
020 _a1444144170 (pbk.)
035 _a(OCoLC)ocn761380971
040 _aUKMGB
_beng
_erda
_cUKMGB
_dYDXCP
_dOCLCO
_dYNK
_dCNAUC
_dDLC
042 _alccopycat
082 0 4 _a500
_bSEW 2012
100 1 _aSewell, Dean.
_913715
245 1 0 _aSport and exercise science :
_ban introduction /
_cDean Sewell, Philip Watkins and Murray Griffin.
250 _a2nd ed.
264 1 _aLondon :
_bHodder Education,
_c2012.
300 _aviii, 376 pages :
_billustrations, mostly color ;
_c28 cm
336 _atext
_btxt
_2rdacontent
337 _aunmediated
_bn
_2rdamedia
338 _avolume
_bnc
_2rdacarrier
500 _aPrevious ed.: London: Hodder Arnold, 2005.
504 _aIncludes bibliographical references and index.
650 0 _aSports sciences.
_913716
650 0 _aSports
_xPhysiological aspects.
_913717
650 0 _aExercise
_xPhysiological aspects.
_913718
650 0 _aSports
_xPsychological aspects.
_913719
650 0 _aExercise
_xPsychological aspects.
_913720
700 1 _aWatkins, Philip
_q(Philip Huw)
_913721
700 1 _aGriffin, Murray.
_913722
906 _a7
_bcbc
_ccopycat
_d2
_encip
_f20
_gy-gencatlg
942 _2ddc
_cO_SHELF